| 000 | 00607nam a2200229Ia 4500 | ||
|---|---|---|---|
| 003 | 0100 | ||
| 008 | 130307s9999 xx 000 0 und d | ||
| 040 | _cARRUPELIB | ||
| 050 | _aBX3756.C689.Y4 1940 | ||
| 100 | _aYeo, Margaret | ||
| 245 | _aThese Three hearts | ||
| 245 | _bblessed Claude de la Colombiere St Margaret-Mary and the sacred heart | ||
| 260 | _aMilwaukee | ||
| 260 | _bBruce Publishing | ||
| 260 | _c1940 | ||
| 300 | _ax | ||
| 300 | _b303p. 25cm. | ||
| 650 | _bLand tenure--Zimbabwe | ||
| 650 | _cSocial conflict--Zimbabwe | ||
| 650 | _dZimbabwe--Politics--1980- | ||
| 942 | 0 | 0 | _01 |
| 999 |
_c101929 _d101929 |
||